McGraw Hill dictionary of scientific and technical terms (Record no. 299486)
[ view plain ]
| 000 -LEADER | |
|---|---|
| fixed length control field | 00922nam a2200325 a 4500 |
| 001 - CONTROL NUMBER | |
| control field | vtls000340047 |
| 003 - CONTROL NUMBER IDENTIFIER | |
| control field | NLI |
| 005 - DATE AND TIME OF LATEST TRANSACTION | |
| control field | 20210602162844.0 |
| 008 - FIXED-LENGTH DATA ELEMENTS--GENERAL INFORMATION | |
| fixed length control field | 110113s2002 nyua e d 000 0 eng d |
| 020 ## - INTERNATIONAL STANDARD BOOK NUMBER | |
| International Standard Book Number | 007042313X |
| 039 #9 - LEVEL OF BIBLIOGRAPHIC CONTROL AND CODING DETAIL [OBSOLETE] | |
| -- | 201101131908 |
| -- | VLOAD |
| 040 ## - CATALOGING SOURCE | |
| Original cataloging agency | NLI : |
| Language of cataloging | eng |
| Transcribing agency | NLMARC21 |
| 044 ## - COUNTRY OF PUBLISHING/PRODUCING ENTITY CODE | |
| MARC country code | nyu |
| 082 0# - DEWEY DECIMAL CLASSIFICATION NUMBER | |
| Classification number | 503 |
| Edition number | 22 |
| 245 10 - TITLE STATEMENT | |
| Title | McGraw Hill dictionary of scientific and technical terms |
| 250 ## - EDITION STATEMENT | |
| Edition statement | 6th ed. |
| 260 ## - PUBLICATION, DISTRIBUTION, ETC. | |
| Place of publication, distribution, etc. | New York : |
| Name of publisher, distributor, etc. | McGraw-Hill, |
| Date of publication, distribution, etc. | 2002 |
| 300 ## - PHYSICAL DESCRIPTION | |
| Extent | xvii, 2380 p. : |
| Other physical details | ill.; |
| Dimensions | 28 cm. |
| 650 #0 - SUBJECT ADDED ENTRY--TOPICAL TERM | |
| Topical term or geographic name entry element | Science |
| Form subdivision | Dictionaries |
| 9 (RLIN) | 152803 |
| 650 #0 - SUBJECT ADDED ENTRY--TOPICAL TERM | |
| Topical term or geographic name entry element | Technology |
| Form subdivision | Dictionaries |
| 9 (RLIN) | 506189 |
| 740 02 - ADDED ENTRY--UNCONTROLLED RELATED/ANALYTICAL TITLE | |
| Uncontrolled related/analytical title | Dictionary of scientific and technical terms |
| 887 ## - NON-MARC INFORMATION FIELD | |
| Content of non-MARC field | mrinal ac |
| 901 ## - LOCAL DATA ELEMENT A, LDA (RLIN) | |
| a | 549069 |
| b | 30.12.04 |
| 902 ## - LOCAL DATA ELEMENT B, LDB (RLIN) | |
| a | Cata,Divn 503 M 178 |
| 904 ## - LOCAL DATA ELEMENT D, LDD (RLIN) | |
| a | mrinal |
| 905 ## - LOCAL DATA ELEMENT E, LDE (RLIN) | |
| a | ac |
| 949 ## - LOCAL PROCESSING INFORMATION (OCLC) | |
| -- | VIRTUAITEM |
| -- | 10000 |
| -- | 100 |
| 6 | PUR000549069ENG |
| 942 ## - ADDED ENTRY ELEMENTS (KOHA) | |
| Source of classification or shelving scheme | Dewey Decimal Classification |
| Koha item type | Books |
| Withdrawn status | Lost status | Damaged status | Not for loan | Collection code | Home library | Current library | Shelving location | Date acquired | Total Checkouts | Full call number | Barcode | Date last seen | Price effective from | Koha item type |
|---|---|---|---|---|---|---|---|---|---|---|---|---|---|---|
| National Library of India | National Library of India | Cata,Divn 503 M 178 | PUR000549069ENG | 02/06/2021 | 02/06/2021 | Books |
